000 00366nam a22001337a 4500
020 _a85099 017 3
082 _a657.3 MCL
100 _aMclean, A.T
245 _aAccording for Business Combinations and Goodwill
260 _aEDINBURGH
_bThe Institute of Chartered Accountants of Scotland
_c1972
300 _av,85Pg
_b21cm
490 _aResearch Series
942 _cBK
999 _c18464
_d18464